Összeesküvés-elmélet és irodalom Krúdy Gyula A tiszaeszlári Solymosi Eszter /
Elmentve itt :
| Szerző: | |
|---|---|
| További közreműködők: | |
| Dokumentumtípus: | Könyv része |
| Megjelent: |
2018
|
| Sorozat: | A vallási kultúrakutatás könyvei
32 Tapasztalatból hallottam... : alternatív világképek, összeesküvés-elméletek társadalomtudományi elemzése 32 |
| Kulcsszavak: | Tiszaeszlári per ábrázolása - irodalmi - könyvismertetés, Solymosi Eszter - könyvismertetés, Összeesküvés-elméletek - könyvismertetés |
| Tárgyszavak: | |
| Online Access: | http://acta.bibl.u-szeged.hu/69713 |
| LEADER | 01071naa a2200241 i 4500 | ||
|---|---|---|---|
| 001 | acta69713 | ||
| 005 | 20211125112917.0 | ||
| 008 | 200630s2018 hu o 0|| hun d | ||
| 020 | |a 978-963-508-868-3 | ||
| 022 | |a 2064-4825 | ||
| 040 | |a SZTE Egyetemi Kiadványok Repozitórium |b hun | ||
| 041 | |a hun | ||
| 100 | 1 | |a Tapodi Zsuzsa | |
| 245 | 1 | 0 | |a Összeesküvés-elmélet és irodalom |h [elektronikus dokumentum] : |b Krúdy Gyula A tiszaeszlári Solymosi Eszter / |c Tapodi Zsuzsa |
| 260 | |c 2018 | ||
| 300 | |a 219-234 | ||
| 490 | 0 | |a A vallási kultúrakutatás könyvei |v 32 | |
| 490 | 0 | |a Tapasztalatból hallottam... : alternatív világképek, összeesküvés-elméletek társadalomtudományi elemzése |v 32 | |
| 650 | 4 | |a Bölcsészettudományok | |
| 650 | 4 | |a Nyelvek és irodalom | |
| 695 | |a Tiszaeszlári per ábrázolása - irodalmi - könyvismertetés, Solymosi Eszter - könyvismertetés, Összeesküvés-elméletek - könyvismertetés | ||
| 700 | 0 | 1 | |a Krúdy Gyula |
| 856 | 4 | 0 | |u http://acta.bibl.u-szeged.hu/69713/1/vallasi_kulturakutatas_032_219-234.pdf |z Dokumentum-elérés |